La Maternitat de Barcelona : cent vint-i-cinc anys d'història (1853-1978) / Julià Farré i Sostres cent vint-i-cinc anys d'història (1853-1978) / Julià Farré i Sostres
Descripción Física:
213 p. : il. ; 27 cm
MARC
| LEADER | 00000nam a2200000Ia 4500 | ||
|---|---|---|---|
| 001 | 11067 | ||
| 008 | 160829s1995 xx 000 0 cat d | ||
| 080 | |a S-1-134 | ||
| 100 | |a Farré i Sostres, Julià |9 24468 | ||
| 245 | |a La Maternitat de Barcelona : |b cent vint-i-cinc anys d'història (1853-1978) / Julià Farré i Sostres | ||
| 260 | |a [Barcelona : |b s.n.], |c 1995 | ||
| 300 | |a 213 p. : |b il. ; |c 27 cm | ||
| 610 | 1 | 0 | |a Casa de Maternitat i Expòsits de Barcelona |x Història |9 17620 |
| 901 | |a Arxiu | ||
| 942 | |n 1 | ||
| 952 | |0 0 |1 0 |4 0 |6 S1134 |7 1 |9 43169 |a Arxiu |b Arxiu |d 2016-12-01 |l 0 |o S-1-134 |p 11067 |r 2016-12-01 00:00:00 |w 2016-12-01 |y ARXIU | ||
| 999 | |c 45713 |d 45713 | ||